[Event "GER-ch Schools U18 Girls"]
[Site "Germany"]
[Date "2009.05.17"]
[Round "5.4"]
[White "Gregorzewski, Marie Sophie"]
[Black "Freesemann, Tanja"]
[Result "1-0"]
[WhiteElo "1126"]
[BlackElo "800"]
[PlyCount "107"]
[EventDate "2009.05.16"]
[EventType "team-swiss"]
[EventRounds "7"]
[EventCountry "GER"]
[SourceTitle "EXT 2011"]
[Source "ChessBase"]
[SourceDate "2010.11.26"]
[SourceVersion "1"]
[SourceVersionDate "2010.11.26"]
[SourceQuality "1"]
[WhiteTeam "Arnstadt StG (W)"]
[BlackTeam "Jever (W)"]
[WhiteTeamCountry "GER"]
[BlackTeamCountry "GER"]

1. d4 d5 2. e3 Nf6 3. Bd3 Bg4 4. Ne2 e6 5. f4 Bd6 6. c3 Qd7 7. Nd2 Nc6 8. 0-0 0-0 9. Nf3 h6 10. Ne5 Nxe5 11. fxe5 Be7 12. exf6 Bxf6 13. Qe1 Rfe8 14. Bd2 e5 15. Qf2 Bg5 16. Ng3 e4 17. Be2 Be6 18. Nh5 Qe7 19. Qg3 f5 20. Qe1 g6 21. Nf4 Bf7 22. Qd1 Qd6 23. Be1 Kg7 24. Bg3 c6 25. Nh5+ gxh5 26. Bxd6 Rh8 27. Be5+ Bf6 28. Bxf6+ Kxf6 29. Bxh5 Rhg8 30. Bxf7 Rg5 31. Qe2 Kxf7 32. Rf4 Kg6 33. Raf1 Rf8 34. g4 Rf6 35. h4 Rxg4+ 36. Rxg4+ fxg4 37. Rxf6+ Kxf6 38. Qxg4 Ke7 39. Qg7+ Kd8 40. Kg2 Kc8 41. Kg3 a6 42. Kg4 Kb8 43. Qf8+ Ka7 44. Qc5+ Kb8 45. Kh5 Kc7 46. Kxh6 a5 47. Kg6 b6 48. Qe7+ Kc8 49. Kf6 c5 50. Ke6 cxd4 51. cxd4 a4 52. Kd6 Kb8 53. Kc6 Ka8 54. Qb7# 1-0

[Event "GER-chT U14 Girls"]
[Site "Dittrichshuette"]
[Date "2008.12.27"]
[Round "2.3"]
[White "Schlimpert, Vanessa"]
[Black "Gregorzewski, Marie Sophie"]
[Result "0-1"]
[WhiteElo "972"]
[BlackElo "952"]
[PlyCount "98"]
[EventDate "2008.12.27"]
[EventType "team-swiss"]
[EventRounds "7"]
[EventCountry "GER"]
[SourceTitle "EXT 2010"]
[Source "ChessBase"]
[SourceDate "2010.11.25"]
[SourceVersion "1"]
[SourceVersionDate "2010.11.25"]
[SourceQuality "1"]
[WhiteTeam "Leipzig BSG Chemie"]
[BlackTeam "Stadtilm Blau Weiss"]
[WhiteTeamCountry "GER"]
[BlackTeamCountry "GER"]

1. e4 d5 2. exd5 Nf6 3. Nc3 Nxd5 4. Bc4 Nxc3 5. bxc3 Bf5 6. d3 e6 7. Nf3 Be7 8. Be3 0-0 9. d4 Nc6 10. d5 exd5 11. Bxd5 Bg4 12. 0-0 Rb8 13. Bxc6 bxc6 14. Qe2 Re8 15. Rfd1 Bd6 16. h3 Bh5 17. Rd4 Qf6 18. Rc4 c5 19. Rd1 Rb5 20. Rd5 Rb1+ 21. Rd1 Rxd1+ 22. Qxd1 Qf5 23. Kf1 Rb8 24. g4 Qe6 25. gxh5 Qxc4+ 26. Qe2 Rb1+ 27. Ne1 Qe4 28. Kg1 Qe5 29. f4 Qxc3 30. Bd2 Qg3+ 31. Kf1 Qxh3+ 32. Kg1 Qg3+ 33. Kf1 Bxf4 34. Bxf4 Qxf4+ 35. Kg1 h6 36. Kg2 Rb4 37. Nf3 Qg4+ 38. Kf1 Rf4 39. Kf2 Qh4+ 40. Kf1 Qh3+ 41. Kf2 Qh2+ 42. Ke1 Qxe2+ 43. Kxe2 g5 44. Kf2 Kg7 45. Kg3 Kf6 46. Nh2 Kf5 47. Nf3 Rg4+ 48. Kh3 Kf4 49. Nh2 Rg3# 0-1